Cases filed under the prevention of domestic violence act, No. 34 of 2005: (Record no. 4527)
[ view plain ]
| 000 -LEADER | |
|---|---|
| fixed length control field | 00400nam a2200133 4500 |
| 008 - FIXED-LENGTH DATA ELEMENTS--GENERAL INFORMATION | |
| fixed length control field | 231218b |||||||| |||| 00| 0 eng d |
| 082 ## - DEWEY DECIMAL CLASSIFICATION NUMBER | |
| Classification number | 362.8292 |
| Item number | WIJ |
| 942 ## - ADDED ENTRY ELEMENTS (KOHA) | |
| Item Type | Reports |
| 100 ## - MAIN ENTRY--PERSONAL NAME | |
| Personal Name | Wijayatilake, Dhara |
| 245 ## - TITLE STATEMENT | |
| Title | Cases filed under the prevention of domestic violence act, No. 34 of 2005: |
| Sub Title | an analysis |
| 260 ## - PUBLICATION, DISTRIBUTION, ETC. (IMPRINT) | |
| Place of Publication | [Colombo]: |
| Name of Publisher | Women in need, |
| Date of Copyright | 2009 |
| 300 ## - PHYSICAL DESCRIPTION | |
| Extent | 60 p. |
| 650 ## - SUBJECT ADDED ENTRY--TOPICAL TERM | |
| Topical Term | DOMESTIC VIOLENCE |
| Withdrawn status | Lost status | Source of classification or shelving scheme | Damaged status | Not for loan | Permanent location | Current location | Date acquired | Total Checkouts | Full call number | Barcode | Date last seen | Price effective from | Koha item type |
|---|---|---|---|---|---|---|---|---|---|---|---|---|---|
| Dewey Decimal Classification | Resource center, Muslim Women's Research And Action Forum | Resource center, Muslim Women's Research And Action Forum | 2023-12-18 | 362.8292 WIJ | RAF4583 | 2023-12-18 | 2023-12-18 | Reports |

